Mathematical models in biology : (Record no. 7096)

MARC details
000 -LEADER
fixed length control field 01317cam a22003254a 4500
001 - CONTROL NUMBER
control field 13105041
003 - CONTROL NUMBER IDENTIFIER
control field OSt
005 - DATE AND TIME OF LATEST TRANSACTION
control field 20210902160512.0
008 - FIXED-LENGTH DATA ELEMENTS--GENERAL INFORMATION
fixed length control field 030226s2004 nyua b 001 0 eng
010 ## - LIBRARY OF CONGRESS CONTROL NUMBER
LC control number 2003043929
020 ## - INTERNATIONAL STANDARD BOOK NUMBER
International Standard Book Number 0521819806 (hb.)
020 ## - INTERNATIONAL STANDARD BOOK NUMBER
International Standard Book Number 0521525861 (pbk.)
040 ## - CATALOGING SOURCE
Original cataloging agency DLC
Transcribing agency DDC
Modifying agency DLC
042 ## - AUTHENTICATION CODE
Authentication code pcc
050 00 - LIBRARY OF CONGRESS CALL NUMBER
Classification number QH323.5
Item number .A44 2004
082 00 - DEWEY DECIMAL CLASSIFICATION NUMBER
Classification number 570.15AII2004
100 1# - MAIN ENTRY--PERSONAL NAME
Personal name Allman, Elizabeth Spencer,
Dates associated with a name 1965-
9 (RLIN) 14618
245 10 - TITLE STATEMENT
Title Mathematical models in biology :
Remainder of title an introduction /
Statement of responsibility, etc. Edited by Allman,Elizabeth S. and Rhodes,John A.
260 ## - PUBLICATION, DISTRIBUTION, ETC. (IMPRINT)
Place of publication, distribution, etc. New York :
Name of publisher, distributor, etc. Cambridge University Press,
Date of publication, distribution, etc. 2004.
300 ## - PHYSICAL DESCRIPTION
Extent xiii, 370 p. :
Other physical details ill. ;
Dimensions 24 cm.
504 ## - BIBLIOGRAPHY, ETC. NOTE
Bibliography, etc Includes; bibliographical references (p. 362-366) and index
650 #0 - SUBJECT ADDED ENTRY--TOPICAL TERM
Topical term or geographic name as entry element Biology
9 (RLIN) 5602
700 1# - ADDED ENTRY--PERSONAL NAME
Personal name Rhodes, John A.
Fuller form of name (John Anthony),
Dates associated with a name 1960-
9 (RLIN) 14620
856 41 - ELECTRONIC LOCATION AND ACCESS
Materials specified Sample text
Uniform Resource Identifier <a href="http://www.loc.gov/catdir/samples/cam041/2003043929.html">http://www.loc.gov/catdir/samples/cam041/2003043929.html</a>
856 42 - ELECTRONIC LOCATION AND ACCESS
Materials specified Publisher description
Uniform Resource Identifier <a href="http://www.loc.gov/catdir/description/cam032/2003043929.html">http://www.loc.gov/catdir/description/cam032/2003043929.html</a>
856 41 - ELECTRONIC LOCATION AND ACCESS
Materials specified Table of contents
Uniform Resource Identifier <a href="http://www.loc.gov/catdir/toc/cam031/2003043929.html">http://www.loc.gov/catdir/toc/cam031/2003043929.html</a>
906 ## - LOCAL DATA ELEMENT F, LDF (RLIN)
a 7
b cbc
c orignew
d 1
e ocip
f 20
g y-gencatlg
942 ## - ADDED ENTRY ELEMENTS (KOHA)
Source of classification or shelving scheme Dewey Decimal Classification
Koha item type Open Shelf

No items available.